[Event "Werther Schloss op-A 9th"]
[Site "Werther"]
[Date "2003.04.13"]
[Round "5"]
[White "Giese, Guido"]
[Black "Klassmann, Herbert"]
[Result "1-0"]
[WhiteElo "2031"]
[BlackElo "2160"]
[PlyCount "117"]
[EventDate "2003.04.11"]
[EventType "swiss"]
[EventRounds "5"]
[EventCountry "GER"]
[SourceTitle "CBM 093 Extra"]
[Source "ChessBase"]
[SourceDate "2003.05.09"]
[SourceVersion "1"]
[SourceVersionDate "2003.05.09"]
[SourceQuality "1"]

1. Nc3 Nf6 2. Nf3 g6 3. e4 d6 4. d4 Bg7 5. h3 0-0 6. Be3 Nfd7 7. Qd2 c5 8. Be2 Nc6 9. 0-0 a6 10. a4 cxd4 11. Nxd4 Nxd4 12. Bxd4 Nf6 13. a5 Bd7 14. f4 Bc6 15. Bf3 Qc7 16. Bb6 Qc8 17. Rad1 Nd7 18. Bd4 Bxd4+ 19. Qxd4 Nf6 20. e5 Bxf3 21. Rxf3 dxe5 22. fxe5 Nh5 23. Nd5 Qd8 24. Nb6 Qxd4+ 25. Rxd4 Rad8 26. Rfd3 Rxd4 27. Rxd4 Rb8 28. Rd7 Kf8 29. Nd5 e6 30. Nf6 Nxf6 31. exf6 Ke8 32. Re7+ Kf8 33. Rc7 Ke8 34. b3 h5 35. Kf2 Kf8 36. Ke3 Ke8 37. Kf4 Rd8 38. Re7+ Kf8 39. Rxb7 Ke8 40. Re7+ Kf8 41. Ra7 Ke8 42. Re7+ Kf8 43. Rb7 Ke8 44. c4 Rd1 45. Ke5 h4 46. b4 Rd2 47. Re7+ Kf8 48. Ra7 Ke8 49. Rxa6 Rxg2 50. Kd6 Rd2+ 51. Kc6 Rd8 52. Rb6 Rc8+ 53. Kd6 g5 54. Rb5 Rd8+ 55. Kc7 Rd7+ 56. Kc6 Rd4 57. Rb8+ Rd8 58. Rxd8+ Kxd8 59. a6 1-0

[Event "Werther Schloss op-A 9th"]
[Site "Werther"]
[Date "2003.04.13"]
[Round "4"]
[White "Klassmann, Herbert"]
[Black "Dahmen, Christoph"]
[Result "1/2-1/2"]
[WhiteElo "2160"]
[BlackElo "1968"]
[PlyCount "78"]
[EventDate "2003.04.11"]
[EventType "swiss"]
[EventRounds "5"]
[EventCountry "GER"]
[SourceTitle "CBM 093 Extra"]
[Source "ChessBase"]
[SourceDate "2003.05.09"]
[SourceVersion "1"]
[SourceVersionDate "2003.05.09"]
[SourceQuality "1"]

1. e4 c5 2. Nf3 Nc6 3. d4 cxd4 4. Nxd4 g6 5. c4 Bg7 6. Be3 d6 7. Be2 Nf6 8. Nc3 0-0 9. 0-0 Bd7 10. Qd2 Nxd4 11. Bxd4 Bc6 12. f3 a5 13. Rac1 Nd7 14. f4 Bxd4+ 15. Qxd4 Qb6 16. Qxb6 Nxb6 17. Nd5 Bxd5 18. cxd5 Rac8 19. Bb5 Rxc1 20. Rxc1 Rc8 21. Rxc8+ Nxc8 22. Kf2 Nb6 23. Ke3 e6 24. Kd4 Kf8 25. g4 exd5 26. exd5 h6 27. h4 Ke7 28. Ke4 Na8 29. Kd4 Nb6 30. b3 Na8 31. g5 hxg5 32. hxg5 Nc7 33. Bd3 b6 34. a3 Kf8 35. b4 axb4 36. axb4 Kg7 37. Bc2 Kg8 38. Ba4 Kg7 39. Bc6 Kf8 1/2-1/2

[Event "Werther Schloss op-A 9th"]
[Site "Werther"]
[Date "2003.04.11"]
[Round "1"]
[White "Krueger, Michael"]
[Black "Klassmann, Herbert"]
[Result "1/2-1/2"]
[WhiteElo "1932"]
[BlackElo "2160"]
[PlyCount "125"]
[EventDate "2003.04.11"]
[EventType "swiss"]
[EventRounds "5"]
[EventCountry "GER"]
[SourceTitle "CBM 093 Extra"]
[Source "ChessBase"]
[SourceDate "2003.05.09"]
[SourceVersion "1"]
[SourceVersionDate "2003.05.09"]
[SourceQuality "1"]

1. e4 e5 2. Nf3 Nc6 3. Bc4 Be7 4. 0-0 Nf6 5. Re1 d6 6. h3 0-0 7. c3 Nxe4 8. Rxe4 d5 9. Re1 dxc4 10. Nxe5 Nxe5 11. Rxe5 Bd6 12. Re1 Bf5 13. b3 Qd7 14. Ba3 c5 15. Qf3 Rae8 16. Re3 Rxe3 17. fxe3 b5 18. Bc1 cxb3 19. axb3 Bc2 20. d4 Bxb3 21. Nd2 Bc2 22. Bb2 Bb8 23. Rc1 Bg6 24. Ba3 Rc8 25. Bxc5 h6 26. Nf1 a5 27. e4 Qe6 28. Re1 Qc6 29. e5 Qxf3 30. gxf3 Bf5 31. Kg2 Be6 32. Rb1 Bc4 33. Ne3 Bxe5 34. Bb6 Bc7 35. Nf5 Bd8 36. Re1 Be6 37. Nd6 Rb8 38. Bxd8 Rxd8 39. Nxb5 Rb8 40. Re5 a4 41. Rc5 Bd7 42. c4 Kf8 43. h4 Bxb5 44. cxb5 a3 45. Rc3 Ra8 46. Rc1 Ke7 47. b6 a2 48. Ra1 Kd6 49. b7 Rb8 50. Rxa2 Rxb7 51. Kf2 Kd5 52. Ra4 g6 53. Ke3 Rb3+ 54. Ke2 Rc3 55. Rb4 f5 56. Rb6 Rc2+ 57. Kd3 Rg2 58. Rb5+ Kc6 59. Rc5+ Kd6 60. Ra5 Rg3 61. Ke3 Ke6 62. Ra6+ Kd5 63. Ra5+ 1/2-1/2

[Event "Werther Schloss op-A 8th"]
[Site "Werther"]
[Date "2002.03.23"]
[Round "2"]
[White "Klassmann, Herbert"]
[Black "Koksch, Robert"]
[Result "1/2-1/2"]
[WhiteElo "1980"]
[BlackElo "2108"]
[PlyCount "87"]
[EventDate "2002.03.22"]
[EventType "swiss"]
[EventRounds "5"]
[EventCountry "GER"]
[SourceTitle "CBM 087 Extra"]
[Source "ChessBase"]
[SourceDate "2002.05.03"]
[SourceVersion "2"]
[SourceVersionDate "2002.08.09"]
[SourceQuality "1"]

1. e4 c6 2. d4 d5 3. e5 Bf5 4. Bd3 Bxd3 5. Qxd3 e6 6. Nc3 Qb6 7. Nge2 c5 8. 0-0 cxd4 9. Nxd4 Nc6 10. Nxc6 Qxc6 11. Be3 a6 12. Kh1 h5 13. Ne2 Bc5 14. Bxc5 Qxc5 15. f4 Ne7 16. Nd4 g6 17. c3 Rc8 18. Qh3 Nf5 19. Nxf5 gxf5 20. Qd3 Qc4 21. Qxc4 Rxc4 22. Rad1 Ke7 23. Rf3 f6 24. exf6+ Kxf6 25. Re1 Re4 26. Rfe3 Rc8 27. g3 Rcc4 28. Kg2 b5 29. Kf3 h4 30. R1e2 hxg3 31. hxg3 b4 32. cxb4 Rxb4 33. b3 e5 34. fxe5+ Kxe5 35. Rc3 Rxe2 36. Kxe2 f4 37. gxf4+ Rxf4 38. Rc6 Rf6 39. Rxf6 Kxf6 40. Kd3 Ke5 41. b4 d4 42. a3 Kd5 43. a4 Ke5 44. Kd2 1/2-1/2

[Event "Werther Schloss op-A 8th"]
[Site "Werther"]
[Date "2002.03.23"]
[Round "3"]
[White "Schmidt, Oliver"]
[Black "Klassmann, Herbert"]
[Result "1/2-1/2"]
[WhiteElo "2087"]
[BlackElo "1980"]
[PlyCount "29"]
[EventDate "2002.03.22"]
[EventType "swiss"]
[EventRounds "5"]
[EventCountry "GER"]
[SourceTitle "CBM 087 Extra"]
[Source "ChessBase"]
[SourceDate "2002.05.03"]
[SourceVersion "2"]
[SourceVersionDate "2002.08.09"]
[SourceQuality "1"]

1. e4 e5 2. Nf3 Nc6 3. Bb5 Nf6 4. 0-0 Bc5 5. c3 0-0 6. d4 Bb6 7. Re1 d6 8. h3 Ne7 9. Nbd2 c6 10. Bd3 Ng6 11. Nf1 h6 12. Ng3 Re8 13. Bc2 Bc7 14. dxe5 dxe5 15. Qxd8 1/2-1/2